| 000 | 01723nam a22004457a 4500 | ||
|---|---|---|---|
| 003 | CHAP | ||
| 005 | 20220329135126.0 | ||
| 008 | 971013s1919 r 00010 d | ||
| 010 | _a31312 | ||
| 011 | _a32284 | ||
| 035 | _a36398 | ||
| 040 | _cCHAP | ||
| 090 | _aFolleto 11441 | ||
| 100 | 0 | 0 |
_aMartÃn, Franklin W. _971732 |
| 245 | _aVegetables for the hot, humid tropics | ||
| 260 |
_aNew Orleans, La. : _bEUA. Department of Agriculture, Science and Education Administration, _c19 - 19 |
||
| 300 | _av | ||
| 500 | _aLa biblioteca tiene: v.2 Okra, abelmoschus esculentus.- v.3 Chaya, Cnidoscolus chayamansa.- v.4 Sponge and bottle gourds, Luffa and Lagenaria.- v.5 Eggplant, Solanum melongena | ||
| 590 |
_aBATCH-UPD _b10 _c20130109 _lUCH01 _h2347 |
||
| 590 |
_aBATCH-UPD _b10 _c20130110 _lUCH01 _h0155 |
||
| 590 |
_aBATCH-UPD _b10 _c20130110 _lUCH01 _h1127 |
||
| 590 |
_aBATCH-UPD _b10 _c20130409 _lUCH01 _h1917 |
||
| 590 |
_aBATCH-UPD _b10 _c20130913 _lUCH01 _h1903 |
||
| 590 |
_aCONVERSION _b10 _c20130109 _lUCH01 _h1318 |
||
| 650 | 1 | 4 |
_aAbelmoschus esculentus. _9207 |
| 650 | 1 | 4 |
_aBerenjena. _911742 |
| 650 | 1 | 4 |
_aCnidoscolus chayamansa. _923950 |
| 650 | 1 | 4 |
_aHorticultura tropical. _956387 |
| 650 | 1 | 4 |
_aLagenaria siceraria. _964400 |
| 650 | 1 | 4 |
_aLuffa. _968928 |
| 700 | 0 |
_aPollack, Bernard. _990255 |
|
| 700 | 0 |
_aRuberte, Ruth M. _9100449 |
|
| 901 | _aBK | ||
| 942 | _cFOLL | ||
| 949 |
_aFolleto 11441 _bBC _cFOLL _d-151380 _eTS2 _fv.2 _i36398 _si |
||
| 949 |
_aFolleto 11441 _bBC _cFOLL _d-151381 _eTS2 _fv.3 _i36398 _si |
||
| 949 |
_aFolleto 11441 _bBC _cFOLL _d-151382 _eTS2 _fv.4 _i36398 _si |
||
| 949 |
_aFolleto 11441 _bBC _cFOLL _d-151383 _eTS2 _fv.5 _i36398 _si |
||
| 949 |
_aFolleto 11441 _bBC _cFOLL _d-83965 _eTS1 _i36398 _mD _si |
||
| 999 |
_c31312 _d31312 |
||